000 00482nam a2200157 i 4500
001 39950
003 ES-MaACL
005 20230906160116.0
007 t|
008 030304s1919 sp ||||1| spa d
100 1 _aCarro Garcia, Santiago.
_935829
245 1 0 _aNecesidad de reformar la Sanidad pública en España /
_cSantiago Carro García.
260 _aMadrid :
_b[s.n.,
_c1919]
500 _aTexto taquigráfico de la conferencia pronunciada...
852 _aES-MaACL
_j1561-F-26
999 _c39950
_d39950